|
|
|
|
| LEADER |
02093cam a2200409Ka 4500 |
| 001 |
ocn664393553 |
| 003 |
OCoLC |
| 005 |
20100917015550.0 |
| 006 |
m d |
| 007 |
cr un||||||||| |
| 008 |
100917s2001 ne a ob 000 0 eng d |
| 020 |
|
|
|a 9781849500906 (electronic bk.) :
|c £69.95 ; € 102.95 ; $124.95
|
| 020 |
|
|
|a 1849500908 (electronic bk.) :
|c £69.95 ; € 102.95 ; $124.95
|
| 020 |
|
|
|z 0762307544 (hbk.)
|
| 020 |
|
|
|z 9780762307548 (hbk.)
|
| 040 |
|
|
|a ZJC
|b eng
|c ZJC
|d ZJC
|d GrThAP
|
| 050 |
1 |
4 |
|a HM1
|b .S84 v. 24
|
| 072 |
|
7 |
|a JHMP
|2 bicssc
|
| 072 |
|
7 |
|a JFSL1
|2 bicssc
|
| 072 |
|
7 |
|a SOC026000
|2 bisacsh
|
| 080 |
|
|
|a 316.7
|
| 082 |
0 |
4 |
|a 302.072
|2 21
|
| 245 |
0 |
0 |
|a Studies in symbolic interaction.
|n Vol. 24
|h [electronic resource] /
|c edited by Norman K. Denzin.
|
| 260 |
|
|
|a Amsterdam, Netherlands :
|b JAI,
|c 2001.
|
| 300 |
|
|
|a 1 online resource (xi, 319 p.) :
|b ill.
|
| 504 |
|
|
|a Includes bibliographical references.
|
| 520 |
|
|
|a This volume examines the concept of performance in ethnographic studies, with a special focus on the issues surrounding the performances of race, and cultural and environmental identities. A special partial section honours the contributions of David R. Maines to the field of communication studies. The concluding section considers new theoretical developments in interaction theory, including a re-examination of the spectatorial gaze in film and literary approaches to the imagined past.
|
| 588 |
|
|
|a Description based on print version record.
|
| 600 |
1 |
0 |
|a Maines, David R.
|
| 650 |
|
0 |
|a Symbolic interactionism.
|
| 650 |
|
7 |
|a Physical anthropology & ethnography.
|2 bicssc
|
| 650 |
|
7 |
|a Ethnic minorities & multicultural studies.
|2 bicssc
|
| 650 |
|
7 |
|a Social Science
|x Sociology
|x General.
|2 bisacsh
|
| 700 |
1 |
|
|a Denzin, Norman K.
|
| 776 |
0 |
8 |
|i Print version:
|t Studies in symbolic interaction. Volume 24, [David Maines (special partial issue)].
|d Amsterdam, Netherlands : Jai Press, 2001
|z 0762307544
|w (OCoLC)223170084
|
| 856 |
4 |
0 |
|u http://www.emeraldinsight.com/0163-2396/24
|z Full Text via HEAL-Link
|
| 913 |
|
|
|1 SSbacklist
|